[Event "AUTO-BEG-68"]
[Site "http://www.queenalice.com/game.php?id=162630"]
[Date "2007.2.2"]
[Round "1"]
[White "testplayer"]
[Black "kohigh"]
[Result "0-1"]
[WhiteElo "1361"]
[BlackElo "1246"]

1. c4 e5 2. Nc3 Nc6 3. Nf3 Nf6 4. e4 Bc5 5. h3 O-O 6. a3 Re8 7. b4 Bd6 8. c5 Be7
9. Bc4 d5 10. exd5 Nxd5 11. Nxd5 Be6 12. Nxe7+ Qxe7 13. Bxe6 Qxe6 14. O-O b5 0-1

[Event "AUTO-BEG-68"]
[Site "http://www.queenalice.com/game.php?id=162631"]
[Date "2007.2.2"]
[Round "1"]
[White "kohigh"]
[Black "testplayer"]
[Result "1-0"]
[WhiteElo "1267"]
[BlackElo "1340"]

1. e4 c5 2. Nf3 d6 3. d4 cxd4 4. Nxd4 Nf6 5. Nc3 a6 6. Bg5 Nbd7 7. Bc4 b5 8. Bb3
Nc5 9. Nc6 Qb6 10. Nd4 Ncxe4 11. Be3 Nxc3 12. bxc3 Qc7 13. Qd3 e5 14. Nf5 1-0

[Event "AUTO-BEG-68"]
[Site "http://www.queenalice.com/game.php?id=162644"]
[Date "2007.2.2"]
[Round "1"]
[White "JusEstripador"]
[Black "kohigh"]
[Result "1-0"]
[WhiteElo "1352"]
[BlackElo "1277"]

1. e3 e5 2. Qf3 Nf6 3. d4 e4 4. Qd1 Nc6 5. Nd2 Be7 6. f3 O-O 7. fxe4 d5 8. e5
Ne4 9. Nh3 Bf5 10. Nf4 Bg5 11. g4 Ne7 12. gxf5 Nxf5 13. b3 Nxe3 14. Qh5 Nxc2+
15. Kd1 Nxa1 16. Bd3 Bxf4 17. Nxe4 Bxc1 18. Nf6+ gxf6 19. Qxh7# 1-0

[Event "AUTO-BEG-68"]
[Site "http://www.queenalice.com/game.php?id=162645"]
[Date "2007.2.2"]
[Round "1"]
[White "kohigh"]
[Black "JusEstripador"]
[Result "1-0"]
[WhiteElo "1307"]
[BlackElo "1336"]

1. e4 d5 2. exd5 Qxd5 3. Nc3 Qd8 4. d4 b6 5. Nf3 Nc6 6. Bb5 Bb7 7. Be3 a6 8. Bc4
e6 9. O-O Nf6 10. Qd2 g6 11. d5 Ne7 12. Bg5 b5 13. Bxf6 Rg8 14. Bd3 exd5 15.
Rfe1 d4 16. Bxd4 Bg7 17. Bxg7 Rxg7 18. Qe2 c5 19. Qe5 Kf8 20. Qxc5 Rc8 21. Qe5
b4 22. Ne4 Nd5 23. b3 f6 24. Qd6+ Ne7 25. Qxf6+ Ke8 26. Ne5 1-0

[Event "AUTO-BEG-68"]
[Site "http://www.queenalice.com/game.php?id=162654"]
[Date "2007.2.2"]
[Round "1"]
[White "kohigh"]
[Black "Bernobr"]
[Result "0-1"]
[WhiteElo "1279"]
[BlackElo "1731"]

1. e4 c5 2. Nf3 Nc6 3. d4 cxd4 4. Nxd4 Nf6 5. Nc3 d6 6. Be3 g6 7. Be2 Bg7 8. O-O
O-O 9. f4 d5 10. Bd3 dxe4 11. Nxe4 Nxd4 12. Bc4 Nxe4 13. c3 Nc6 14. Bd5 Nf6 15.
c4 Nxd5 16. cxd5 Na5 17. Rc1 b6 18. Bd4 Bxd4+ 0-1

[Event "Challenge"]
[Site "http://www.queenalice.com/game.php?id=163005"]
[Date "2007.2.3"]
[Round "-"]
[White "farofa38"]
[Black "kohigh"]
[Result "1-0"]
[WhiteElo "1520"]
[BlackElo "1286"]

1. Nf3 d5 2. Nc3 Nf6 3. d4 Nc6 4. b3 Bf5 5. Nh4 Be6 6. h3 g6 7. f4 Bf5 8. g4 Be4
9. Rg1 Qd7 10. g5 Nh5 11. a3 O-O-O 12. b4 Rg8 13. e3 Re8 14. Na4 e5 15. b5 exd4
16. bxc6 Qxc6 17. Qxd4 Rd8 18. Qxa7 Qxa4 19. Qxa4 1-0

[Event "Challenge"]
[Site "http://www.queenalice.com/game.php?id=164478"]
[Date "2007.2.6"]
[Round "-"]
[White "kohigh"]
[Black "z3r0vulc4n"]
[Result "1-0"]
[WhiteElo "1264"]
[BlackElo "1532"]

1. e4 e5 2. Nf3 Nc6 3. Bb5 a6 4. Ba4 b5 5. Bb3 Nd4 6. Nxd4 exd4 7. d3 c6 8. Qf3
f6 9. O-O g6 10. e5 f5 11. c4 dxc3 12. Nxc3 Nh6 13. d4 Bb4 14. d5 cxd5 15. Qxd5
Rb8 16. Bd2 Bb7 17. Qd4 Qg5 18. Bxg5 Ng4 19. Qxb4 Rc8 20. Qe7# 1-0

[Event "Challenge"]
[Site "http://www.queenalice.com/game.php?id=173881"]
[Date "2007.2.25"]
[Round "-"]
[White "kohigh"]
[Black "markp"]
[Result "0-1"]
[WhiteElo "1324"]
[BlackElo "1708"]

1. e4 e5 2. Nf3 Nc6 3. Bb5 a6 4. Ba4 Nf6 5. Nc3 b5 6. Bb3 Bc5 7. O-O Bb7 8. Ng5
O-O 9. Nd5 Nb4 10. Nxb4 a5 11. Nd3 Bd6 12. Bxf7+ Rxf7 13. Nxf7 Kxf7 14. a4 bxa4
15. Rxa4 Nxe4 16. b3 Qg5 17. Qf3+ Kg8 18. Bb2 Rf8 19. Qe3 Qxe3 20. dxe3 Nd2 21.
Rd1 Ne4 22. f3 Ng5 23. e4 c6 24. Nxe5 Bxe5 25. Bxe5 Rd8 26. Bc7 Re8 27. Bxa5 d5
28. Re1 dxe4 29. fxe4 c5 30. e5 Rf8 31. Kh1 Rf2 32. Kg1 Rxg2+ 33. Kf1 Rxh2 34.
Rc4 Bg2+ 35. Kf2 Bd5+ 36. Kg3 Rh3+ 37. Kg4 Bxc4 38. Rh1 Be6+ 39. Kxg5 Rxh1 40.
c4 Rb1 41. b4 cxb4 42. c5 b3 43. c6 b2 44. c7 Rg1+ 45. Kf4 b1=Q 46. Ke3 Rd1 47.
Bd2 Qc2 48. Kd4 Rxd2+ 0-1

[Event "Challenge"]
[Site "http://www.queenalice.com/game.php?id=186859"]
[Date "2007.3.24"]
[Round "-"]
[White "knightsdefence"]
[Black "kohigh"]
[Result "0-1"]
[WhiteElo "1290"]
[BlackElo "1291"]

1. f4 d5 2. d4 Nc6 3. e3 Nf6 4. h3 Ne4 5. Ne2 g6 6. Nec3 e6 7. Bd3 Bg7 8. Nxe4
O-O 9. c3 Qe7 10. Nf2 Re8 11. Bb5 a6 12. Bxc6 bxc6 13. b3 c5 14. Ba3 Qh4 15.
Bxc5 Qg3 16. O-O Qxe3 17. Qd2 Qxd2 18. Nxd2 Bb7 0-1

[Event "Challenge"]
[Site "http://www.queenalice.com/game.php?id=191203"]
[Date "2007.4.3"]
[Round "-"]
[White "kohigh"]
[Black "FENIX_40"]
[Result "0-1"]
[WhiteElo "1278"]
[BlackElo "1435"]

1. e4 e5 2. Nf3 Bc5 3. Bc4 Ne7 4. O-O c6 5. d4 exd4 6. e5 Ng6 7. Bg5 f6 8. exf6
gxf6 9. Re1+ Kf8 10. Nbd2 d5 11. Bd3 fxg5 12. c4 Bg4 13. h3 Bxf3 14. Nxf3 Nf4
0-1

[Event "AUTO-BEG-91"]
[Site "http://www.queenalice.com/game.php?id=196001"]
[Date "2007.4.12"]
[Round "1"]
[White "kohigh"]
[Black "lukas2007"]
[Result "0-1"]
[WhiteElo "1286"]
[BlackElo "1495"]

1. e4 d5 2. exd5 Qxd5 3. Nc3 Qe6+ 4. Be2 Qg6 5. Bf3 h5 6. Be4 Qe6 7. Nf3 f5 8.
Ng5 Qe5 9. d3 fxe4 10. dxe4 Bg4 11. Nf3 Bxf3 12. Qxf3 Qf6 13. Qxf6 gxf6 14. Be3
e5 15. O-O Bd6 16. Nd5 Na6 17. c4 c6 18. Nc3 Bc5 19. Rfe1 O-O-O 0-1

[Event "AUTO-BEG-91"]
[Site "http://www.queenalice.com/game.php?id=196002"]
[Date "2007.4.12"]
[Round "1"]
[White "lukas2007"]
[Black "kohigh"]
[Result "1-0"]
[WhiteElo "1487"]
[BlackElo "1294"]

1. e4 e5 2. Nf3 Nc6 3. Bb5 a6 4. Bxc6 dxc6 5. Nxe5 Nf6 6. d3 Bd6 7. f4 O-O 8.
Bd2 Re8 9. Bc3 Bg4 10. Nxg4 Bxf4 11. Nxf6+ Kf8 12. Nxe8 Qxe8 13. Bd2 Be5 14. Qh5
h6 15. O-O Rd8 16. Bc3 f6 17. Qxe8+ Rxe8 18. Bxe5 Rxe5 19. Rf5 1-0

[Event "AUTO-BEG-91"]
[Site "http://www.queenalice.com/game.php?id=196003"]
[Date "2007.4.12"]
[Round "1"]
[White "kohigh"]
[Black "marlonengq"]
[Result "0-1"]
[WhiteElo "1322"]
[BlackElo "1358"]

1. e4 e5 2. Nf3 Nh6 3. Bc4 c6 4. d4 Qa5+ 5. Nbd2 exd4 6. O-O Qc7 7. Nxd4 d5 8.
exd5 f5 9. N2f3 f4 10. Bd2 Ng4 11. Re1+ Kd8 12. Ne6+ Bxe6 13. dxe6 Qb6 14. b3
Qxf2+ 15. Kh1 Nxh2 16. Kxh2 Qg3+ 17. Kg1 Bc5+ 18. Be3+ Kc7 0-1

[Event "AUTO-BEG-91"]
[Site "http://www.queenalice.com/game.php?id=196004"]
[Date "2007.4.12"]
[Round "1"]
[White "marlonengq"]
[Black "kohigh"]
[Result "1-0"]
[WhiteElo "1373"]
[BlackElo "1307"]

1. e4 c5 2. c4 Nc6 3. b4 Nxb4 4. Nc3 e5 5. Qf3 Nf6 6. Nh3 Nc2+ 7. Kd1 Nxa1 8.
Nd5 Be7 9. Ng5 h6 10. Qf5 d6 11. Ne6 Bxe6 12. Qf3 O-O 13. Qg3 Nxe4 14. Qd3 Nxf2+
15. Ke2 Nxd3 16. Ne3 e4 17. Nd5 Nc2 18. Ba3 1-0

[Event "AUTO-BEG-91"]
[Site "http://www.queenalice.com/game.php?id=196005"]
[Date "2007.4.12"]
[Round "1"]
[White "kohigh"]
[Black "felix"]
[Result "0-1"]
[WhiteElo "1268"]
[BlackElo "1087"]

1. e4 e5 2. Nf3 Nc6 3. Bb5 Nf6 4. d3 Bb4+ 5. Bd2 Bxd2+ 6. Nbxd2 a6 7. Ba4 b5 8.
Bb3 a5 9. O-O O-O 10. Bd5 Bb7 11. Re1 Nd4 12. Bxb7 Rb8 13. Bd5 c6 14. c4 h5 15.
Nxe5 g5 0-1

[Event "AUTO-BEG-91"]
[Site "http://www.queenalice.com/game.php?id=196006"]
[Date "2007.4.12"]
[Round "1"]
[White "felix"]
[Black "kohigh"]
[Result "1-0"]
[WhiteElo "1113"]
[BlackElo "1268"]

1. e4 e5 2. Nf3 Nc6 3. d3 Nf6 4. Bg5 h6 5. Bxf6 Qxf6 6. Nc3 Bc5 7. Nd5 Qd6 8. c4
O-O 9. g4 Bb4+ 10. Nxb4 Qxb4+ 11. Qd2 Qxd2+ 12. Kxd2 d6 13. Be2 Bxg4 14. h3 1-0